01416cas a2200265 i 450000100060000000300080000600500170001400800410003103500170007204001030008904100080019208200290020011000190022924501380024826000400038630000300042650600350045658002280049165000470071965500250076677600330079178500820082478501100090685601340101649236BD-RjUL20211209054643.0160818s1963 dcu x s f0 a0eng c aBD-RjUL49355 aTxDaM-LbengcTxDaM-LdOCoLCdMHdDLCdMH-LdDLCdOCoLCdMiU-LdKRTASdOCoLCdOCLCFdOCoLCdWaSeSS aeng 222a341.0262 bTRE 1963 1 aUnited States.10aTreaty series :bTreaties and international agreements registered or field and recorded with the secretariat of the united nations /  aNew york :bUnited Nations.,c1963  a441 p. :bill. ; c23 cm. aAccess limited to subscribers. aMerged with: United States. Treaties (Executive agreements series). Executive agreements series; to form: United States. Treaties (Treaties and other international acts series). Treaties and other international acts series. 7aTreaty series (United Nations) x Indexes. 0aElectronic journals.1 tTreaty seriesw(DLC)3200941717aUnited States.tExecutive agreement seriesw(DLC)sn 95030638w(OCoLC)1691569317aUnited States.tTreaties and other international acts seriesx0083-0816w(DLC) 46006169w(OCoLC)177418340uhttp://www.columbia.edu/cgi-bin/cul/resolve?clio9608671zFull text available from HeinOnline U.S. Treaties and Agreements Library